£5 million to support innovative flood defence schemes (Record no. 84442)

MARC details
000 -LEADER
fixed length control field 01104cad a22002175a 4500
001 - CONTROL NUMBER
control field L157708
008 - FIXED-LENGTH DATA ELEMENTS--GENERAL INFORMATION
fixed length control field 130328e2013 xxk 000 0 eng d
035 ## - SYSTEM CONTROL NUMBER
System control number (Sirsi) u157708
041 0# - LANGUAGE CODE
Language code of text/sound track or separate title eng
110 2# - MAIN ENTRY--CORPORATE NAME
Corporate name or jurisdiction name as entry element United Kingdom
Subordinate unit Department for Environment Food and Rural Affairs
245 00 - TITLE STATEMENT
Title £5 million to support innovative flood defence schemes
Medium [electronic resource]
260 ## - PUBLICATION, DISTRIBUTION, ETC.
Place of publication, distribution, etc. London
Name of publisher, distributor, etc. DEFRA
Date of publication, distribution, etc. 2013
520 ## - SUMMARY, ETC.
Summary, etc. Thirteen communities across England will benefit from a £5 million fund to come up with innovative projects that will better protect homes and businesses from the risk of flooding. The projects will be required to demonstrate that they can reduce the levels of flood risk in measurable ways. The projects are funded by the Flood Resilience Community Pathfinder scheme launched by Defra in December 2012.
590 ## - LOCAL NOTE (RLIN)
Local note KA
651 #4 - SUBJECT ADDED ENTRY--GEOGRAPHIC NAME
Geographic name England
690 ## - LOCAL SUBJECT ADDED ENTRY--TOPICAL TERM (OCLC, RLIN)
Topical term or geographic name as entry element Environment
9 (RLIN) 6238
690 ## - LOCAL SUBJECT ADDED ENTRY--TOPICAL TERM (OCLC, RLIN)
Topical term or geographic name as entry element Infrastructure
9 (RLIN) 6246
690 ## - LOCAL SUBJECT ADDED ENTRY--TOPICAL TERM (OCLC, RLIN)
Topical term or geographic name as entry element Sustainability
9 (RLIN) 6271
856 40 - ELECTRONIC LOCATION AND ACCESS
Uniform Resource Identifier <a href="https://www.defra.gov.uk/news/2013/03/25/flood-defenc/">https://www.defra.gov.uk/news/2013/03/25/flood-defenc/</a>
Public note View the item free of charge at www.defra.gov.uk
942 ## - ADDED ENTRY ELEMENTS (KOHA)
Suppress in OPAC 0
Holdings
Withdrawn status Lost status Source of classification or shelving scheme Damaged status Not for loan Home library Current library Shelving location Date acquired Total Checkouts Full call number Barcode Date last seen Copy number Price effective from Koha item type
    Dewey Decimal Classification     Virtual Virtual Online 28/03/2013   ONLINE PUBLICATION 157708-2001 06/08/2019 1 06/08/2019 Online material